000 00425pab a2200157 454500
008 180718b2009 xxu||||| |||| 00| 0 eng d
100 _aSwaminathan, Padmini
245 _aOutside the realm of protective labour legislation: saga of unpaid labour in India
260 _c2009
300 _ap.80-87.
362 _a31 Oct
650 _aLabour law
773 _aEconomic and Political Weekly
908 _aN
909 _a84378
999 _c84378
_d84378